| 000 | 00684nam a22002297a 4500 | ||
|---|---|---|---|
| 005 | 20170124110004.0 | ||
| 010 | _aA-953328 | ||
| 020 |
_c200.00 _a8190087207 |
||
| 035 | _aA-953328 | ||
| 037 | _bCen Lib/Ret | ||
| 040 |
_aDPL _bEN |
||
| 082 |
_a382.540438 _bGUR |
||
| 100 |
_aGurdip Singh _916544 |
||
| 245 |
_aDoing business with Poland / _cby Gurdip Singh |
||
| 260 |
_a New Delhi _bHimala Pblishers _c1998 |
||
| 270 |
_bNew Delhi _aB-3-69, Safdarjang enclave |
||
| 300 |
_avarious pagings _c19cm(Hb) |
||
| 650 |
_aBusiness studies _zPoland _916545 |
||
| 650 |
_aIternational relations _916546 |
||
| 700 | _916507 | ||
| 942 |
_2ddc _cEN _h382.540438 _mGUR |
||
| 999 |
_c126091 _d126091 |
||